| 000 | 00431ntaaa2200169 4500 | ||
|---|---|---|---|
| 003 | 01 | ||
| 005 | 20251027203008.0 | ||
| 008 | 0714s1973 ag 01 | ||
| 040 |
_aAR-BaBN _bspa _cAR-BaBN _eaacr _dRIC |
||
| 100 |
_aLagerkvist, Pär _930992 |
||
| 245 | _aBarrabás | ||
| 250 | _a1 ed. | ||
| 260 |
_aBuenos Aires : _bEmecé Editores, _cc1952 |
||
| 300 | _a152 p | ||
| 500 | _aVersion castellana de la traducción francesa | ||
| 942 | _cBK | ||
| 999 |
_c25387 _d25387 |
||